00486nam a2200181Ia 4500003000400000005001700004008004100021020001400062040000700076041000800083082002300091100003100114245007300145250000600218260003800224300002800262365001400290OSt20230506115059.0210423s2006 xx 000 0 und d a701643752 cAL aeng a574.192223b BLEI aBLIE (Ira);ODIAN (George). aGeneral organic and biochemistry: connecting chemistry to your life. a2 aNew YorkbW H Freeman & Co.c2006 axvii,787,E32,G8,I22bPB b3779cINR